| 000 | 00495nam a2200193Ia 4500 | ||
|---|---|---|---|
| 008 | 170918s9999 xx 000 0 und d | ||
| 020 | _a9780545479554 | ||
| 050 | _bG348 2001 | ||
| 100 | _aGeorge, Jean Craighead | ||
| 245 | 4 | _aThe buffalo are back / | |
| 245 | _cJean Craighead George ; paintings by Wendell Minor. | ||
| 260 | _aNew York : | ||
| 260 | _bScholastic, | ||
| 260 | _c2001 | ||
| 300 | _aunpaged : | ||
| 300 | _bcolored illustration ; | ||
| 300 | _c23cm. | ||
| 500 | _a800 | ||
| 999 |
_c342159 _d342159 |
||